00423 2200181 4500245003300000020001800033250001100051100001700062700002100079650001700100005001900117260004100136041001400177084001000191300002000201336000900221338001100230 aBad IdeacIlham SatriahText a979-20-1378-4 aCet. 1 aIlham Satria aAryaguna Setiadi aKomik Remaja a20230131082552 aJakartabElex Media Komputindoc2005 aIndonesia a741.5 ailus. :c17 cm. atext avolume